[Event "chess.com SpeedChess Q2Sw"]
[Site "chess.com INT"]
[Date "2022.11.12"]
[Round "4"]
[White "Aarav, Dengla"]
[Black "Ozen, Bahadir"]
[Result "0-1"]
[WhiteTitle "FM"]
[BlackTitle "IM"]
[WhiteElo "2357"]
[BlackElo "2369"]
[WhiteFideId "45059756"]
[BlackFideId "6337058"]
[EventDate "2022.11.12"]

1. e4 g6 2. d4 Bg7 3. Nf3 d6 4. c3 Nf6 5. e5 dxe5 6. Nxe5 O-O 7. Bc4 c5 8. dxc5
Qxd1+ 9. Kxd1 Ne4 10. Nd3 Rd8 11. Be3 Nc6 12. Ke2 Bf5 13. f3 Nf6 14. Na3 Nd5 15.
Bxd5 Rxd5 16. Nf4 Rdd8 17. g4 Bd7 18. Rhd1 Rac8 19. Nb5 Kf8 20. Kf2 a6 21. Nd4
Be8 22. Nxc6 Bxc6 23. Ne2 e5 24. h4 f6 25. h5 Kf7 26. Ng3 Bf8 27. Ne4 Ke6 28.
hxg6 hxg6 29. Ke2 Bb5+ 30. Ke1 Be7 31. Rxd8 Rxd8 32. Rd1 Rh8 33. Nd6 Rh1+ 34.
Kd2 Rh2+ 35. Kc1 Bc6 36. Ne4 Re2 37. Rd3 Bb5 38. c4 Bxc4 39. Rc3 Bd5 40. Rd3 Bc6
41. Nd2 f5 42. gxf5+ gxf5 43. f4 e4 44. Rb3 Bf6 45. Kd1 Rh2 46. Rb6 Kd5 47. Kc2
Bd8 48. Rb4 Bf6 49. b3 Re2 50. Bg1 e3 51. Bxe3 Rxe3 52. Nc4 Rc3+ 53. Kd2 Kxc5
54. a3 Rh3 55. Nb6 Bc3+ 0-1

[Event "chess.com SpeedChess Q2Sw"]
[Site "chess.com INT"]
[Date "2022.11.12"]
[Round "4"]
[White "Al-Tarboush, Ward"]
[Black "Sipahioglu, Irmak"]
[Result "0-1"]
[WhiteTitle "FM"]
[WhiteElo "2238"]
[BlackElo "2041"]
[WhiteFideId "7601450"]
[BlackFideId "6307205"]
[EventDate "2022.11.12"]

1. e4 e6 2. d4 d5 3. exd5 exd5 4. Bd3 Nc6 5. Nf3 Bd6 6. Nc3 Nge7 7. Nb5 Bg4 8.
c3 Qd7 9. O-O O-O 10. Bg5 f6 11. Bh4 Nf5 12. Bxf5 Qxf5 13. Nxd6 cxd6 14. Bg3
Bxf3 15. Qxf3 Qxf3 16. gxf3 Rad8 17. Rfe1 Kf7 18. Re2 Ne7 19. Rae1 Nf5 20. a4
Rfe8 21. Rxe8 Rxe8 22. Rxe8 Kxe8 23. Kf1 h5 24. h3 Ke7 25. Ke2 Ke6 26. Kd3 h4
27. Bf4 Ne7 28. b3 g5 29. Bd2 Ng6 30. c4 dxc4+ 31. bxc4 d5 32. c5 Kf5 33. Ba5
Nf4+ 34. Kd2 Nxh3 35. Ke1 Nf4 36. Kf1 Nd3 37. Bc7 Nb2 38. a5 a6 39. Kg2 Nd3 40.
Bd6 Nc1 41. f4 Nb3 42. fxg5 fxg5 43. Be5 Nxa5 44. Kf3 Nc6 45. Bd6 Nxd4+ 46. Ke3
Nc6 47. Kd3 Kg4 48. Ke3 d4+ 49. Ke4 a5 50. f3+ Kh5 51. Kd3 Kg6 52. Bc7 Kf5 53.
Kc4 h3 54. Bg3 Ne5+ 55. Kb5 Nxf3 56. Kb6 d3 57. Be1 Nxe1 58. Kxb7 d2 59. c6 d1=Q
60. c7 Qd5+ 61. Kb8 Qb5+ 62. Ka8 Qc6+ 63. Kb8 Qb6+ 64. Ka8 Qc6+ 65. Kb8 Qxc7+
66. Kxc7 h2 0-1

[Event "chess.com SpeedChess Q2Sw"]
[Site "chess.com INT"]
[Date "2022.11.12"]
[Round "4"]
[White "Vemparala, Nikash"]
[Black "Ilkhomi, Jaloliddin"]
[Result "0-1"]
[WhiteTitle "CM"]
[BlackTitle "FM"]
[WhiteElo "1976"]
[BlackElo "2145"]
[WhiteFideId "30960967"]
[BlackFideId "14700948"]
[EventDate "2022.11.12"]

1. e4 e6 2. d4 d5 3. exd5 exd5 4. Nf3 Bd6 5. Bd3 Ne7 6. O-O O-O 7. c3 Nbc6 8.
Re1 Bf5 9. Bxf5 Nxf5 10. Qd3 Qd7 11. Nbd2 f6 12. Nf1 Rae8 13. Bd2 Rxe1 14. Rxe1
Nfe7 15. Ng3 Re8 16. a4 Ng6 17. Rxe8+ Qxe8 18. Qe2 Qd7 19. b4 Nce7 20. a5 Bf4
21. Bxf4 Nxf4 22. Qe3 g5 23. h4 h6 24. hxg5 hxg5 25. Ne2 Nxe2+ 26. Qxe2 Kf7 27.
Qd3 Qf5 28. Qxf5 Nxf5 29. Kf1 Nd6 30. Nd2 Ke6 31. Ke2 f5 32. f3 f4 33. Nb3 b6
34. axb6 axb6 35. Nc1 Nf5 36. Nd3 Ne3 37. Ne1 Kf5 38. g4+ Ke6 39. Nd3 Nc4 40.
Nf2 Nd6 41. Nd3 Nf7 42. Kf2 Kd6 43. Ke2 Kc6 44. Kf2 Kb5 45. Nb2 Nd6 46. Ke2 Nc4
47. Nd3 Kc6 48. Ne5+ Nxe5 49. dxe5 Kd7 50. Kd3 c5 51. bxc5 bxc5 52. c4 d4 53.
Ke4 Ke6 54. Kd3 Kxe5 55. Ke2 Kd6 56. Kd3 Kc6 57. Kc2 Kb6 58. Kb3 Ka5 59. Ka3 d3
60. Kb3 d2 61. Kb2 d1=Q 0-1

[Event "chess.com SpeedChess Q2Sw"]
[Site "chess.com INT"]
[Date "2022.11.12"]
[Round "4"]
[White "Jones, Gawain C B"]
[Black "Salem, A.R. Saleh"]
[Result "0-1"]
[WhiteTitle "GM"]
[BlackTitle "GM"]
[WhiteElo "2623"]
[BlackElo "2677"]
[WhiteFideId "409561"]
[BlackFideId "9301348"]
[EventDate "2022.11.12"]

1. Nf3 Nf6 2. g3 g6 3. b3 d5 4. Bb2 c5 5. e3 Nc6 6. Ne5 d4 7. Nxc6 Qd5 8. Rg1
Qxc6 9. Bg2 Qd6 10. Na3 Bg7 11. Qe2 O-O 12. Nc4 Qd8 13. a4 Bg4 14. f3 Be6 15. f4
Nd5 16. Bxd5 Bxd5 17. e4 Be6 18. d3 b6 19. g4 a6 20. f5 Bd7 21. a5 bxa5 22. Nxa5
e6 23. Bc1 exf5 24. gxf5 Bxf5 25. Bg5 Qd7 26. Qd2 Be6 27. Bh6 Bf6 28. Bxf8 Bh4+
29. Kd1 Rxf8 30. Kc1 f5 31. exf5 Rxf5 32. Kb2 Rf2 33. Qh6 Qe7 34. Raf1 Rxf1 35.
Rxf1 Bg5 36. Rf8+ Qxf8 37. Qxg5 Bf5 38. Qf4 Qe7 39. Qb8+ Kg7 40. Nc6 Qf6 41.
Qa7+ Kh6 42. Qxc5 Kh5 43. Nxd4 Kg4 44. Qc3 Kh3 45. b4 Bg4 46. b5 axb5 47. Kb3
Be6+ 48. Nxe6 Qxe6+ 49. Kb4 Kxh2 50. Kxb5 Qf5+ 51. Qc5 Qxc5+ 52. Kxc5 g5 53. Kd6
g4 54. c4 g3 55. c5 g2 56. c6 g1=Q 57. c7 Qd4+ 58. Ke7 Qc3 0-1

[Event "chess.com SpeedChess Q2Sw"]
[Site "chess.com INT"]
[Date "2022.11.12"]
[Round "4"]
[White "Singh, Arvinder Preet"]
[Black "Kaplan, Avi Harrison"]
[Result "0-1"]
[WhiteTitle "FM"]
[WhiteElo "2148"]
[BlackElo "2046"]
[WhiteFideId "5013240"]
[BlackFideId "30934559"]
[EventDate "2022.11.12"]

1. e4 c5 2. Nf3 d6 3. d4 cxd4 4. Nxd4 Nf6 5. Nc3 a6 6. a3 e5 7. Nf5 Nxe4 8.
Nxg7+ Bxg7 9. Nxe4 d5 10. Bg5 f6 11. Qh5+ Kf8 12. Be3 d4 13. Bd2 Nc6 14. Bc4 Qe8
15. Nxf6 Bxf6 16. Bh6+ Ke7 17. Qe2 Qg6 18. Bd2 Bg4 19. f3 Be6 20. O-O-O Rac8 21.
Bd3 Bf5 22. f4 Bxd3 23. cxd3 Nb4+ 24. Kb1 Nxd3 25. Ka1 Rc2 26. Qxd3 Qxd3 27.
Bb4+ Ke6 28. Rxd3 e4 29. Re1 Kd5 30. Rb3 Rhc8 31. g4 d3 32. g5 Bd4 33. f5 d2 34.
Bxd2 Rxd2 35. Rxb7 Rxb2 36. Rxb2 Rc2 37. Rd1 Rxb2 38. Rxd4+ Kxd4 39. Kxb2 Kd3
40. f6 e3 41. f7 e2 42. f8=Q e1=Q 43. Qd6+ Kc4 44. Qxa6+ Kc5 45. Qc8+ Kb6 46.
Qd8+ Ka6 47. Qf6+ Ka7 48. Qg7+ Ka6 0-1

[Event "chess.com SpeedChess Q2Sw"]
[Site "chess.com INT"]
[Date "2022.11.12"]
[Round "4"]
[White "Balaji, Aaravamudhan"]
[Black "Shankland, Sam"]
[Result "1-0"]
[WhiteTitle "CM"]
[BlackTitle "GM"]
[WhiteElo "2353"]
[BlackElo "2710"]
[WhiteFideId "436224"]
[BlackFideId "2004887"]
[EventDate "2022.11.12"]

1. Nf3 d5 2. g3 g6 3. Bg2 Bg7 4. O-O e5 5. d3 Nc6 6. Nbd2 Nge7 7. e4 O-O 8. Re1
Re8 9. c3 a5 10. a4 b6 11. Qc2 Ba6 12. Nf1 d4 13. Rd1 Qd7 14. h3 Rad8 15. Ne1
Qe6 16. g4 Rd7 17. Ng3 Red8 18. f4 exf4 19. Bxf4 Be5 20. Ne2 Bxf4 21. Nxf4 Qd6
22. Qf2 Ne5 23. c4 c6 24. Nc2 Re8 25. Rf1 Bc8 26. Qg3 Rdd8 27. Rf2 f6 28. Raf1
Rf8 29. g5 f5 30. Ne2 c5 31. Ne1 Bb7 32. Nf4 fxe4 33. Bxe4 Bxe4 34. dxe4 Kg7 35.
Nd5 Nxd5 36. cxd5 Nc4 37. Qxd6 Nxd6 38. e5 Nf5 39. d6 Rfe8 40. Rxf5 gxf5 41.
Rxf5 c4 42. Nf3 d3 43. Kf2 Rf8 44. Rf6 Rxf6 45. gxf6+ Kf7 46. Ng5+ Kg6 47. e6
Kxf6 48. e7 Ra8 49. Ne4+ Ke6 50. Ke3 Rg8 51. h4 h5 52. Kd2 Rc8 53. Kc3 Ra8 54.
Kd2 Rb8 55. Kc3 Rg8 56. Kxc4 d2 57. Nxd2 Kxd6 58. Kb5 Kxe7 59. Kxb6 Rb8+ 60.
Kxa5 Rxb2 61. Nc4 Rh2 62. Kb5 Rxh4 63. a5 Kd7 64. a6 Rxc4 65. Kxc4 h4 66. a7 1-0

[Event "chess.com SpeedChess Q2Sw"]
[Site "chess.com INT"]
[Date "2022.11.12"]
[Round "4"]
[White "Manukyan, Sargis A."]
[Black "Adury, Anant"]
[Result "1/2-1/2"]
[WhiteTitle "FM"]
[WhiteElo "2163"]
[BlackElo "2027"]
[WhiteFideId "13303970"]
[BlackFideId "30964687"]
[EventDate "2022.11.12"]

1. d4 Nf6 2. e3 d6 3. Nf3 Nc6 4. Be2 e5 5. O-O Bf5 6. dxe5 Nxe5 7. Nxe5 dxe5 8.
c4 Qxd1 9. Rxd1 Rd8 10. Rxd8+ Kxd8 11. Nc3 c6 12. Bd2 Kc7 13. Be1 Ne4 14. Nxe4
Bxe4 15. Rd1 Be7 16. Bc3 f6 17. f3 Bg6 18. Kf2 Rd8 19. Rxd8 Bxd8 20. e4 Be7 21.
b4 c5 22. b5 b6 23. a4 Kd7 24. a5 Bd8 25. a6 Bf7 26. Bd2 g5 27. Be3 Be6 28. g3
Ke7 29. f4 Kf7 30. fxe5 fxe5 31. Bh5+ Kf8 32. Be2 Kf7 33. Bc1 Kg6 34. Kg2 h5 35.
Kf2 g4 36. Bf1 Bg5 37. Bb2 Bf6 38. Ba3 Bd8 39. Bb2 Kf6 40. Bc3 Bc7 41. Bd2 Kg6
42. h3 gxh3 43. Kg1 Bg4 44. Kh2 Be6 45. Be3 Bd8 46. Bd3 Kf7 47. Bh6 h4 48. Be2
hxg3+ 49. Kxg3 Kg6 50. Bf8 Kf7 51. Bd6 Ke8 52. Bxe5 Kd7 53. Bg4 h2 54. Bf3 Bc7
55. Bxc7 Kxc7 56. Kxh2 Bxc4 57. e5 Bxb5 58. Bb7 Bc6 59. e6 Be8 60. Kg3 Kd6 61.
Bc8 c4 62. Kf4 c3 63. Ke3 b5 64. Kd3 b4 65. Kc2 Ba4+ 66. Kd3 c2 67. Kd2 b3 68.
Kc1 Bc6 69. Kb2 Bd5 70. e7 Kxe7 71. Bf5 Kd6 72. Bxc2 Kc5 73. Bxb3 Bxb3 1/2-1/2

[Event "chess.com SpeedChess Q2Sw"]
[Site "chess.com INT"]
[Date "2022.11.12"]
[Round "4"]
[White "Kalogridis, Antonios"]
[Black "Volkov, Maksim"]
[Result "1-0"]
[WhiteTitle "FM"]
[BlackTitle "FM"]
[WhiteElo "2293"]
[BlackElo "2357"]
[WhiteFideId "25833901"]
[BlackFideId "54123070"]
[EventDate "2022.11.12"]

1. d4 d5 2. Nf3 Nf6 3. c4 e6 4. Nc3 c6 5. e3 Nbd7 6. Bd2 Bd6 7. b3 O-O 8. Be2 b6
9. O-O Bb7 10. Rc1 Rc8 11. Bd3 c5 12. Qe2 cxd4 13. exd4 Qe7 14. Rfe1 Rfd8 15.
Bg5 h6 16. Bh4 Bb4 17. Ne5 g5 18. Bg3 Ne4 19. Nxe4 dxe4 20. Bxe4 Bxe4 21. Qxe4
Nxe5 22. Bxe5 Bxe1 23. Rxe1 Rf8 24. Qg4 f6 25. Bg3 f5 26. Qh3 f4 27. Qxh6 fxg3
28. Rxe6 gxf2+ 29. Kf1 Qh7 30. Qxg5+ Kh8 31. Qe5+ Kg8 32. Qg5+ Kh8 33. Rh6 Rce8
34. Rxh7+ Kxh7 35. Qh5+ Kg7 36. Qg5+ Kh7 37. Qh5+ Kg7 38. Qg5+ Kf7 39. Kxf2 Ke6+
40. Ke3 Kd7+ 41. Kd3 Rg8 42. Qd5+ Kc7 43. c5 Rd8 44. Qf7+ Kb8 45. Qf4+ Kb7 46.
Qf3+ Ka6 47. Qc6 Rg4 48. d5 Rg5 49. Qa4+ Kb7 50. c6+ Ka8 51. Qa6 Rgxd5+ 52. Ke4
Rd4+ 53. Ke3 Rd3+ 54. Qxd3 1-0

[Event "chess.com SpeedChess Q2Sw"]
[Site "chess.com INT"]
[Date "2022.11.12"]
[Round "4"]
[White "Vokhidov, Shamsiddin"]
[Black "Daggupati, Balaji"]
[Result "1/2-1/2"]
[WhiteTitle "GM"]
[BlackTitle "GM"]
[WhiteElo "2568"]
[BlackElo "2507"]
[WhiteFideId "14204223"]
[BlackFideId "2090759"]
[EventDate "2022.11.12"]

1. e4 c5 2. Nf3 e6 3. g3 d5 4. exd5 exd5 5. d4 Nc6 6. Bg2 cxd4 7. Nxd4 Bc5 8.
Nxc6 bxc6 9. O-O Nf6 10. c4 O-O 11. cxd5 cxd5 12. Nc3 Be6 13. Bg5 Rb8 14. Rc1
Be7 15. b3 d4 16. Ne2 h6 17. Bf4 d3 18. Nc3 Rc8 19. Ne4 Rxc1 20. Bxc1 Bf5 21.
Re1 Bb4 22. Bd2 Bxd2 23. Qxd2 Qd4 24. Nxf6+ Qxf6 25. Be4 Bxe4 26. Rxe4 Rd8 27.
Re3 Qa1+ 28. Kg2 Qb1 29. h4 Qc2 30. Qxc2 dxc2 31. Rc3 Rd2 32. a4 a5 33. Rc5 Kf8
34. Kf3 Rd3+ 35. Ke2 Rxb3 36. Kd2 Rf3 37. Rxa5 Rxf2+ 38. Kc1 Rg2 39. Rb5 Rxg3
40. a5 Ra3 41. Kxc2 Ke7 42. Kb2 Ra4 43. Kb3 Ra1 44. Kb2 Ra4 45. Kb3 Ra1 46. Kc4
Kd6 47. Rd5+ Kc6 48. Rc5+ Kb7 49. Rd5 Rc1+ 50. Kb5 Rb1+ 51. Kc5 Ka6 52. Rd7 Rb7
53. Rd8 Ra7 54. Kb4 Rb7+ 55. Kc5 Rc7+ 56. Kd6 Rb7 57. Kc6 Ra7 58. Rd5 Re7 59.
Rd8 Ra7 60. Rd5 Re7 61. Rd8 Ra7 1/2-1/2

[Event "chess.com SpeedChess Q2Sw"]
[Site "chess.com INT"]
[Date "2022.11.12"]
[Round "4"]
[White "Dubov, Daniil"]
[Black "Ivic, Velimir"]
[Result "1-0"]
[WhiteTitle "GM"]
[BlackTitle "GM"]
[WhiteElo "2708"]
[BlackElo "2560"]
[WhiteFideId "24126055"]
[BlackFideId "950122"]
[EventDate "2022.11.12"]

1. d4 d5 2. c4 c6 3. Nf3 Nf6 4. Nc3 e6 5. g3 dxc4 6. Bg2 b5 7. Ne5 a6 8. O-O Bb7
9. b3 b4 10. Ne4 Nxe4 11. Bxe4 c3 12. a3 a5 13. Bf4 Bd6 14. axb4 Bxb4 15. Qc2
Nd7 16. Bxc6 Bxc6 17. Nxc6 Qc8 18. Nxb4 axb4 19. Rxa8 Qxa8 20. Bd6 Qb7 21. Ra1
Nf6 22. Ra4 Qe4 23. Qa2 Kd7 24. Bxb4 Rb8 25. Ra7+ Rb7 26. Qa4+ Kc8 27. Ra8+ Rb8
28. Qa6+ Qb7 29. Qxb7+ Kxb7 30. Rxb8+ Kxb8 31. Bxc3 Ne4 32. Bb4 f5 33. f3 Nf6
34. Kf2 Kb7 35. Bd2 Kc6 36. Ke3 g5 37. Kd3 g4 38. Bg5 Nd5 39. fxg4 fxg4 40. e4
Nb4+ 41. Kc3 Kb5 42. Be7 Nc6 43. Bd6 Nd8 44. Kd3 Nf7 45. Be7 h5 46. Ke3 e5 47.
d5 Kb6 48. Kd3 Kb5 49. Kc3 Nh6 50. Bf6 Nf7 51. Be7 Nh6 52. b4 Nf7 53. Kd3 Nh8
54. Bf6 Nf7 55. Kc3 Nd6 56. Bxe5 Nxe4+ 57. Kd4 Ng5 58. Bf4 Nf3+ 59. Ke4 Nxh2 60.
d6 Kc6 61. b5+ Kd7 62. b6 Kc6 63. b7 Kxb7 64. d7 1-0

[Event "chess.com SpeedChess Q2Sw"]
[Site "chess.com INT"]
[Date "2022.11.12"]
[Round "4"]
[White "Durarbayli, Vasif"]
[Black "Sarana, Alexey"]
[Result "0-1"]
[WhiteTitle "GM"]
[BlackTitle "GM"]
[WhiteElo "2612"]
[BlackElo "2668"]
[WhiteFideId "13402935"]
[BlackFideId "24133795"]
[EventDate "2022.11.12"]

1. e4 c5 2. Nf3 d6 3. d4 cxd4 4. Nxd4 Nf6 5. Nc3 a6 6. Be2 e5 7. Nb3 Be7 8. Be3
Be6 9. Nd5 Nbd7 10. Qd3 O-O 11. c4 b5 12. cxb5 axb5 13. O-O Bxd5 14. exd5 Nb6
15. Bxb6 Qxb6 16. Qxb5 Qa7 17. a4 Rfb8 18. Qc4 Rb7 19. Rfc1 Rab8 20. Nd2 Rxb2
21. Qd3 R2b4 22. Rc4 Rb2 23. a5 R2b5 24. Rc8+ Rxc8 25. Qxb5 Qd4 26. Nb3 Qa7 27.
Qb6 Qa8 28. a6 Rb8 29. Qc6 Qa7 30. Qc2 Bd8 31. Na5 Bxa5 32. Rxa5 g6 33. h4 h5
34. g3 Kg7 35. Ra2 Rb4 36. Qc6 Ne4 37. Bf3 Rb6 38. Qc1 Nxg3 39. Qe3 Nf5 40. Qg5
Rb1+ 41. Kg2 f6 42. Qd2 Nxh4+ 43. Kg3 Nf5+ 44. Kh2 Rb6 45. Qc1 Rxa6 46. Rc2 Qf7
47. Rc7 Ne7 48. Qb1 Ra8 49. Qb7 Re8 50. Qb6 f5 51. Qxd6 Qf6 52. Qd7 Kf8 53. d6
Qh4+ 54. Kg1 Qg5+ 55. Bg2 e4 56. Qe6 h4 57. dxe7+ Rxe7 58. Rc8+ Kg7 59. Qg8+ Kh6
60. Qf8+ Kh5 61. Kh2 Qf4+ 62. Kh1 Rd7 63. Qh8+ Kg4 64. Qa1 Qxf2 65. Rc6 g5 66.
Rf6 Rd2 0-1

[Event "chess.com SpeedChess Q2Sw"]
[Site "chess.com INT"]
[Date "2022.11.12"]
[Round "4"]
[White "Samadov, Read"]
[Black "Filgueira, Hernan"]
[Result "1-0"]
[WhiteTitle "FM"]
[BlackTitle "IM"]
[WhiteElo "2450"]
[BlackElo "2283"]
[WhiteFideId "13417444"]
[BlackFideId "101770"]
[EventDate "2022.11.12"]

1. d4 d5 2. c4 e6 3. Nf3 Nf6 4. g3 c6 5. Bg2 Nbd7 6. O-O Bd6 7. Nc3 O-O 8. Nd2
Bc7 9. e4 dxc4 10. Nxc4 b5 11. Ne3 b4 12. Ne2 Ba6 13. b3 Rc8 14. Bb2 c5 15. d5
exd5 16. exd5 Be5 17. Qd2 Re8 18. Rfd1 Bxb2 19. Qxb2 Ne5 20. Nf4 Qd6 21. Rac1 g6
22. a3 Bb5 23. axb4 cxb4 24. Qd4 a5 25. Rxc8 Rxc8 26. Ra1 Ra8 27. h4 h5 28. Rc1
Nfd7 29. Qa1 a4 30. bxa4 Bxa4 31. Qb2 Bb5 32. Rd1 Rc8 33. Ne6 Rc3 34. Nd4 Ba4
35. Ra1 Ra3 36. Rc1 Nb6 37. Nc6 Bxc6 38. dxc6 Nd3 39. Qd2 Nc8 40. Rd1 Rc3 41.
Bf1 Ne5 42. Qxd6 Nxd6 43. Rxd6 b3 44. Rd8+ Kg7 45. Rb8 Nf3+ 46. Kg2 Nd2 47. Be2
Rxc6 48. Bd1 Rc3 49. Nd5 Rc1 50. Be2 Rc2 51. Ne3 Rc1 52. Bd3 Rc3 53. Be2 Rc1 54.
Rb4 Rc3 55. Nd5 Rc1 56. Nf4 Rc2 57. Bd3 Rc3 58. Rb7 Rc1 59. Bxg6 Kf6 60. Rxf7+
Ke5 61. Rb7 Rc5 62. Nd3+ Kd4 63. Nxc5 Kxc5 64. Bxh5 1-0

[Event "chess.com SpeedChess Q2Sw"]
[Site "chess.com INT"]
[Date "2022.11.12"]
[Round "4"]
[White "Csonka, Balazs"]
[Black "Nyzhnyk, Illya"]
[Result "0-1"]
[WhiteTitle "IM"]
[BlackTitle "GM"]
[WhiteElo "2497"]
[BlackElo "2687"]
[WhiteFideId "742910"]
[BlackFideId "14118084"]
[EventDate "2022.11.12"]

1. d4 d5 2. c4 c6 3. Nf3 Nf6 4. Nc3 dxc4 5. a4 Bf5 6. Nh4 e6 7. Nxf5 exf5 8. e3
a5 9. Bxc4 Bb4 10. O-O O-O 11. Qc2 g6 12. b3 Nbd7 13. Bb2 Nb6 14. Be2 Qd7 15.
Rad1 Rfe8 16. Na2 Bd6 17. Nc1 f4 18. exf4 Bxf4 19. Nd3 Nbd5 20. Ne5 Qc7 21. g3
Bh6 22. Bc4 Bg7 23. Rfe1 Rad8 24. Qe2 Nd7 25. Bxd5 cxd5 26. Rc1 Qd6 27. Qb5 Nxe5
28. dxe5 Bxe5 29. Bxe5 Rxe5 30. Rxe5 Qxe5 31. Qxa5 Rd7 32. Qb5 Qe6 33. Rc8+ Kg7
34. Qb4 d4 35. Qf8+ Kf6 36. Re8 Qd6 37. Qh8+ Kf5 38. Qxh7 d3 39. Qh3+ Kf6 40.
Qh4+ g5 41. Qh8+ Kf5 42. Qh7+ Qg6 43. Qh8 f6 44. Qf8 Qf7 45. Qc5+ Kg6 46. Re1
Qxb3 47. Qe3 Qc4 48. Qe8+ Qf7 49. Qe4+ f5 50. Qe3 d2 51. Rd1 Qd5 52. f3 g4 53.
fxg4 fxg4 54. Kf2 Rf7+ 55. Ke2 Qc4+ 56. Qd3+ Qxd3+ 57. Kxd3 Rf3+ 58. Kc2 Ra3 59.
Rxd2 Rxa4 60. Kb3 Re4 61. Kc3 Kf5 62. Rd5+ Re5 63. Rd4 Rc5+ 64. Kb4 Rc2 65. Rf4+
Kg5 66. Kb5 Rxh2 67. Kb6 Rg2 68. Kxb7 Rxg3 69. Rf8 Re3 70. Rg8+ Kh4 71. Kc6 Kh3
72. Kd5 g3 73. Kd4 Re7 74. Rh8+ Kg2 75. Rg8 Kh2 76. Rh8+ Kg1 77. Rg8 g2 78. Kd3
Re5 79. Kd2 Kf2 80. Rf8+ Kg3 81. Rg8+ Kf3 82. Rg7 Re4 0-1

[Event "chess.com SpeedChess Q2Sw"]
[Site "chess.com INT"]
[Date "2022.11.12"]
[Round "4"]
[White "Parkhov, Yair"]
[Black "Stribuk, Artiom"]
[Result "0-1"]
[WhiteTitle "IM"]
[BlackTitle "FM"]
[WhiteElo "2470"]
[BlackElo "2312"]
[WhiteFideId "2813408"]
[BlackFideId "13515659"]
[EventDate "2022.11.12"]

1. e4 c5 2. Nf3 Nc6 3. Bb5 e6 4. O-O Nge7 5. Re1 b6 6. c3 a6 7. Ba4 b5 8. Bc2 c4
9. a4 b4 10. e5 Ng6 11. d4 cxd3 12. Bxd3 Bb7 13. Nbd2 d5 14. Nb3 Be7 15. Nbd4
O-O 16. Bd2 bxc3 17. Bxc3 Rc8 18. a5 Nxd4 19. Nxd4 Bc5 20. Qg4 Qh4 21. Qxh4 Nxh4
22. Nb3 Be7 23. Rec1 Ng6 24. Bd4 f6 25. Bxg6 hxg6 26. Nc5 fxe5 27. Be3 Bxc5 28.
Bxc5 Rfe8 29. Bd6 e4 30. Be5 Kf7 31. b4 Bc6 32. Kf1 Bb5+ 33. Ke1 g5 34. Kd2 Kg6
35. g4 Rh8 36. Rxc8 Rxc8 37. Rc1 Bc4 38. Rc3 Rh8 39. b5 Bxb5 40. Rc7 Rg8 41. Ke3
Kh7 42. Kd4 Bc4 43. Kc5 Be2 44. Kd4 Bxg4 45. Rc6 Be2 46. Rxe6 Bc4 47. Re7 Kg6
48. Re6+ Kf5 49. Re7 Kg4 50. Bxg7 Kf3 51. Be5 Kxf2 52. Bg3+ Ke2 53. Rf7 Rg6 54.
Rf2+ Kd1 55. Ke3 Bd3 56. Rd2+ Kc1 57. Be5 Rh6 58. Bb2+ Kb1 59. Be5 Rh3+ 60. Kd4
Bc4 61. Kc5 e3 62. Rd1+ Kc2 63. Re1 e2 64. Kd4 Kd2 65. Ra1 e1=Q 66. Bf4+ gxf4
67. Ra2+ Bxa2 68. Kc5 Qe3+ 69. Kd6 Qa3+ 70. Kc7 Qxa5+ 71. Kb8 Rh8+ 72. Kb7 Rh7+
73. Kc6 Qb5+ 74. Kd6 Qd7+ 75. Ke5 Qe7+ 76. Kd4 Qe3# 0-1

[Event "chess.com SpeedChess Q2Sw"]
[Site "chess.com INT"]
[Date "2022.11.12"]
[Round "5"]
[White "Kovalenko, Igor"]
[Black "Goltsev, Dmitry"]
[Result "1-0"]
[WhiteTitle "GM"]
[BlackTitle "FM"]
[WhiteElo "2674"]
[BlackElo "2232"]
[WhiteFideId "14117908"]
[BlackFideId "24176710"]
[EventDate "2022.11.12"]

1. c4 Nf6 2. Nc3 e5 3. Nf3 Nc6 4. g3 d5 5. cxd5 Nxd5 6. Bg2 Be7 7. O-O Nxc3 8.
bxc3 O-O 9. d3 Be6 10. Qc2 f6 11. Rb1 Rb8 12. Be3 Qd7 13. Rfd1 Rfd8 14. d4 Bf5
15. Qb3+ Qd5 16. Qxd5+ Rxd5 17. Nh4 e4 18. Nxf5 1-0

[Event "chess.com SpeedChess Q2Sw"]
[Site "chess.com INT"]
[Date "2022.11.12"]
[Round "5"]
[White "Koc, Przemyslaw"]
[Black "Rudykh, Stepan"]
[Result "1-0"]
[BlackTitle "CM"]
[WhiteElo "2346"]
[BlackElo "2218"]
[WhiteFideId "1109081"]
[BlackFideId "4180321"]
[EventDate "2022.11.12"]

1. d4 e6 2. Nf3 f5 3. Bg5 Be7 4. h4 Nf6 5. Nbd2 b6 6. Bxf6 Bxf6 7. e4 fxe4 8.
Nxe4 Bb7 9. Bd3 O-O 10. Qe2 c5 11. O-O-O cxd4 12. Nfg5 h6 13. f4 Nc6 14. Nd6 Qc7
15. Qe4 1-0

[Event "chess.com SpeedChess Q2Sw"]
[Site "chess.com INT"]
[Date "2022.11.12"]
[Round "5"]
[White "Shankland, Sam"]
[Black "Ristic, Nebojsa M"]
[Result "1-0"]
[WhiteTitle "GM"]
[BlackTitle "IM"]
[WhiteElo "2710"]
[BlackElo "2335"]
[WhiteFideId "2004887"]
[BlackFideId "900850"]
[EventDate "2022.11.12"]

1. d4 Nf6 2. c4 d6 3. Nf3 g6 4. Nc3 Bg7 5. e4 O-O 6. Be2 e5 7. Be3 Nc6 8. d5 Ne7
9. Nd2 Ne8 10. c5 f5 11. f3 f4 12. Bf2 g5 13. Nc4 a6 14. cxd6 cxd6 15. Bb6 Qd7
16. Qb3 h5 17. h3 Ng6 18. O-O-O Rf7 19. Kb1 Bf8 20. Rc1 Qe7 21. Bf2 b5 22. Nb6
Rb8 23. Nxb5 axb5 24. Rxc8 Rxc8 25. Nxc8 Qb7 26. Rc1 Nc7 27. Na7 b4 28. Nc6 Na6
29. Nd8 Qa8 30. Nxf7 Kxf7 31. Qa4 1-0

[Event "chess.com SpeedChess Q2Sw"]
[Site "chess.com INT"]
[Date "2022.11.12"]
[Round "5"]
[White "Fernandez Siles, Luis"]
[Black "Melian, Juan Sebastian"]
[Result "0-1"]
[WhiteTitle "FM"]
[BlackTitle "CM"]
[WhiteElo "2220"]
[BlackElo "2150"]
[WhiteFideId "2209420"]
[BlackFideId "3706575"]
[EventDate "2022.11.12"]

1. e4 c5 2. Nf3 e6 3. c3 Nf6 4. e5 Nd5 5. Bc4 d6 6. d4 cxd4 7. cxd4 Nb6 8. Bd3
Nc6 9. O-O Nd5 10. a3 Qc7 11. Qe2 Bd7 12. Nbd2 Nf4 13. Qe3 Nxd3 14. Qxd3 dxe5
15. dxe5 Nxe5 16. Nxe5 Qxe5 17. Nc4 Qd5 18. Qe2 Bc6 19. Ne3 Qe4 20. f3 Qe5 21.
Bd2 Bd6 22. g3 O-O 23. Bc3 Qb5 24. Rad1 Qxe2 0-1

[Event "chess.com SpeedChess Q2Sw"]
[Site "chess.com INT"]
[Date "2022.11.12"]
[Round "5"]
[White "Selkirk, Rebecca"]
[Black "Andreev, Eduard UKR"]
[Result "0-1"]
[WhiteTitle "WCM"]
[BlackTitle "GM"]
[WhiteElo "1674"]
[BlackElo "2413"]
[WhiteFideId "14306514"]
[BlackFideId "14103400"]
[EventDate "2022.11.12"]

1. e4 c5 2. Nf3 d6 3. d4 cxd4 4. Nxd4 Nf6 5. Nc3 Nc6 6. Bg5 e6 7. Bb5 Bd7 8. O-O
Rc8 9. Re1 a6 10. Bxc6 bxc6 11. e5 dxe5 12. Rxe5 Qc7 13. Qe2 Bd6 14. Re3 Bxh2+
15. Kh1 Bf4 16. Bxf4 Qxf4 17. Rd1 Ng4 18. Rg3 Nxf2+ 0-1

[Event "chess.com SpeedChess Q2Sw"]
[Site "chess.com INT"]
[Date "2022.11.12"]
[Round "5"]
[White "Biastoch, Bennet"]
[Black "Chernov, Mikhail"]
[Result "1-0"]
[WhiteTitle "FM"]
[BlackTitle "FM"]
[WhiteElo "2232"]
[BlackElo "2213"]
[WhiteFideId "12939889"]
[BlackFideId "24143170"]
[EventDate "2022.11.12"]

1. e4 c5 2. Nf3 Nc6 3. d4 cxd4 4. Nxd4 Nf6 5. Nc3 d6 6. Bg5 e6 7. Qd3 a6 8.
O-O-O Bd7 9. Nxc6 Bxc6 10. h4 h6 11. Bf4 Be7 12. f3 e5 13. Be3 Qa5 14. Kb1 Rc8
15. g4 Nd7 16. Bh3 Nc5 17. Bxc5 Qxc5 18. g5 Rd8 19. g6 fxg6 20. Rhg1 O-O 21.
Rxg6 Kh7 22. Bf5 Kh8 23. Rdg1 Bf6 24. Qd2 Be8 25. Qxh6+ Kg8 26. Rxg7+ 1-0